Habit Stacking, (Record no. 9478)

MARC details
000 -LEADER
fixed length control field 00421nam a22001457a 4500
008 - FIXED-LENGTH DATA ELEMENTS--GENERAL INFORMATION
fixed length control field 230405b |||||||| |||| 00| 0 eng d
020 ## - INTERNATIONAL STANDARD BOOK NUMBER
International Standard Book Number 978-81-950627-2-0
082 ## - DEWEY DECIMAL CLASSIFICATION NUMBER
Classification number 158.1
100 ## - MAIN ENTRY--PERSONAL NAME
Personal name S.J. Scott
245 ## - TITLE STATEMENT
Title Habit Stacking,
Remainder of title 127 small changes to improve your health, wealth and happiness
260 ## - PUBLICATION, DISTRIBUTION, ETC.
Name of publisher, distributor, etc. Jaico Publishing House,
Date of publication, distribution, etc. 2022
300 ## - PHYSICAL DESCRIPTION
Extent 273 p.
Dimensions 21.5 cm
942 ## - Added entry Elements (Koha)
Source of classification or shelving scheme Dewey Decimal Classification
Holdings
Withdrawn status Lost status Source of classification or shelving scheme Damaged status Not for loan Collection code Home library Current library Shelving location Date acquired Serial Enumeration / chronology Total Checkouts Total Renewals Full call number Barcode Date last seen Date last checked out Price effective from Koha item type
    Dewey Decimal Classification     Popular Collection RTC Library RTC Library Popular Collection 05/04/2023 177287 9 2 158.1 SCO 30016271 25/11/2025 06/11/2025 05/04/2023 Main
Royal Thimphu College || All Right Reserved